000 00504cam a2200193 a 4500
001 3348768
005 20240219233048.0
008 860625t19841979ii b 001 0 eng
020 _a0861312821
040 _aDLC
_cDLC
_dDLC
082 0 0 _a320,954.
_219
_bNAT.
100 1 _aChandra, Bipan.
245 1 0 _aNationalism and colonialism in modern India /
_cBipan Chandra.
250 _a1st.
260 _aNew Delhi :
_bOrient Longman,
_c1979.
300 _aix, 395 p. ;
650 0 _aNationalism
942 _cL
999 _c426
_d426